000 00570nam a2200181Ia 4500
999 _c2351
_d2351
003 OSt
005 20200819110150.0
008 190216s9999||||xx |||||||||||||| ||und||
040 _coclc
082 _a543.08
_bWIL/I
100 _aWillard, Hobart H
_94210
245 0 _aInstrumental Methods Of Analysis /
_cHobart H Willard ; Lynne L Merritt ; John A Dean
250 _a5th Ed.
260 _bAffiliated East West Press,
_c1974.
_aNew Delhi:
300 _a860p
650 _aChemistry-Chemistry
942 _cBK
_2ddc
_h543.08
_iWIL/I
_k543.08
_mWIL/I